000 00424nam a22001337a 4500
040 _cNUST
082 _a200 THE
100 _aZawaria Sadaf
_9113270
110 _aSupervisor Dr. Sajid Gul Khawaja
245 _aTH-SOF-2159-An Intelligent Model to Predict Cardiovascular Diseases Using Machine Learning Techniques
260 _aISLAMABAD:
_bNUST COLLEGE OF EME,
_c2019.
650 _aMS-CSE-2019
_9113142
942 _2ddc
_cTHE
999 _c595048
_d595048